| 000 | 00399nam a2200157Ia 4500 | ||
|---|---|---|---|
| 005 | 20250313092748.0 | ||
| 008 | 231217s9999 xx 000 0 und d | ||
| 020 | _a9788178082516 | ||
| 082 | _a001.6424LIN SOB;7 | ||
| 100 | _aSobell, Mark G. | ||
| 245 | 2 | _aA practical guide to Linux | |
| 260 |
_c1997 _bPearson Education, _aNew Delhi |
||
| 300 | _axlvii+1013 | ||
| 650 | _aLinux | ||
| 942 | _cAA | ||
| 999 |
_c179999 _d179999 |
||